Statystyki dla Atrakcje turystyczne QUIZ #1 (dla kolegi ignacego)

Kliknij tutaj aby rozwiązać quiz!

Ogólne statystyki

  • Ten quiz został rozwiązany 216 razy
  • Średni wynik to 7 z 15

Statystyki odpowiedzi

Odpowiedź% Poprawnych
Big Ben
99%
Koloseum
93%
Biały Dom
86%
Wieża Eiffla
82%
Sukiennice
62%
Brama Brandenburska
61%
Wielki Mur Chiński
59%
Machu Picchu
35%
Partenon
29%
Most Karola
27%
Burdż Chalifa
25%
Hagia Sophia
24%
Sobór Wasyla Błogosławionego
8%
Etna
5%
Statua Chrystusa Zbawiciela
4%

Rozkład punktacji

Percentyl według liczby udzielonych odpowiedzi

Procent ludzi z każdym wynikiem

Twoja historia wyników

Nie rozwiązałeś tego quizu